000 00332 a2200145 4500
001 74191
020 _a
040 _cAnchieta - Colégio São Paulo
240 1 0 _aParâmetros curriculares nacionais
_lpor
245 1 0 _aParâmetros curriculares nacionais
300 _a174
362 0 _a1998
650 4 _aEducação
942 _cBK
999 _c74191
_d74191